000 00469nam a2200157 a 4500
001 000042135
005 20201002035948.0
008 131114s2011 pr 000 0 spa d
020 _a9780983007449
040 _aDO-SdBNP
_bspa
_cBNPHU
082 _axxxx
100 1 _aPadua, Reynaldo Marcos
_969131
245 1 3 _aLa música de las esferas. /
_cReynaldo Marcos Padua.
260 _aSan Juan, Puerto Rico, :
_bLos libros de la Iguana,
_c2011.
300 _a227 p. ;
_c21 cm.
999 _c41624
_d41624